Historia del reinado del emperador Carlos Quinto (Record no. 163630)
[ view plain ]
| 000 -LEADER | |
|---|---|
| campo de control de longitud fija | 01412nam a2200301 i 4500 |
| 001 - NÚMERO DE CONTROL | |
| campo de control | 163630 |
| 003 - IDENTIFICADOR DE NÚMERO DE CONTROL | |
| campo de control | ES-MaACL |
| 005 - FECHA Y HORA DE LA ÚLTIMA TRANSACCIÓN | |
| campo de control | 20250805062427.0 |
| 008 - DATOS DE LONGITUD FIJA--INFORMACIÓN GENERAL | |
| campo de control de longitud fija | 990310s1839 sp cf |||| |dspa d |
| 080 ## - NÚMERO DE LA CLASIFICACIÓN DECIMAL UNIVERSAL | |
| Número de la Clasificación Decimal Universal | 929 Carlos (460) I |
| 080 ## - NÚMERO DE LA CLASIFICACIÓN DECIMAL UNIVERSAL | |
| Número de la Clasificación Decimal Universal | 94(460)"1516/56" |
| 080 ## - NÚMERO DE LA CLASIFICACIÓN DECIMAL UNIVERSAL | |
| Número de la Clasificación Decimal Universal | 930.85(4))"04/14" |
| 100 1# - ENTRADA PRINCIPAL--NOMBRE DE PERSONA | |
| Nombre de persona | Robertson, William ( |
| Fechas asociadas al nombre | 1721-1793) |
| 9 (RLIN) | 164575 |
| 245 10 - MENCIÓN DEL TÍTULO | |
| Título | Historia del reinado del emperador Carlos Quinto |
| Resto del título | : precedida de una descripción de los progresos de la sociedad en Europa, desde la ruina del Imperio Romano hasta principios del siglo XVI / |
| Mención de responsabilidad, etc. | por W. Robertson ; nueva traducción hecha con todo esmero y exactitud por José María Gutiérrez de la Peña. |
| 250 ## - MENCION DE EDICION | |
| Mención de edición | Ed. adornada con láminas. |
| 260 ## - PUBLICACIÓN, DISTRIBUCIÓN, ETC. | |
| Lugar de publicación, distribución, etc. | Barcelona : |
| Nombre del editor, distribuidor, etc. | Librería de J. Oliveres y Gavarró, |
| Fecha de publicación, distribución, etc. | 1839. |
| 300 ## - DESCRIPCIÓN FÍSICA | |
| Extensión | 2 v. ; |
| Dimensiones | 22 cm. |
| 500 ## - NOTA GENERAL | |
| Nota general | 4 t. en 2 v. |
| 510 4# - NOTA DE CITAS O REFERENCIAS BIBLIOGRÁFICAS | |
| Nombre de la fuente | Palau, |
| Localización dentro de la fuente | 270975 |
| 597 ## - NOTA DE DESCRIPCIÓN FÍSICA | |
| NOTA DE DESCRIPCIÓN FÍSICA | T. I (334 p., [1] h. de lám.) - T. II (318 p., [1] h. de lám.) - T. III (325 p., [1] h. de lám.) - T. IV (394 p., [1] h. de lám.) |
| 599 ## - NOTA A LAS ILUSTRACIONES | |
| NOTA A LAS ILUSTRACIONES | Retrato de Carlos V en el t. I. |
| 600 04 - PUNTO DE ACCESO ADICIONAL DE MATERIA--NOMBRE DE PERSONA | |
| Nombre de persona | Carlos |
| Numeración | I, |
| Títulos y otros términos asociados al nombre | Rey de España |
| 9 (RLIN) | 35296 |
| 651 #4 - PUNTO DE ACCESO ADICIONAL DE MATERIA--NOMBRE GEOGRÁFICO | |
| Nombre geográfico | España- |
| Subdivisión general | Historia- |
| Subdivisión cronológica | 1516-1556, Carlos I. |
| 9 (RLIN) | 8224 |
| 651 #4 - PUNTO DE ACCESO ADICIONAL DE MATERIA--NOMBRE GEOGRÁFICO | |
| Nombre geográfico | Europa- |
| Subdivisión general | Situación social- |
| Subdivisión cronológica | S.V-XV. |
| 9 (RLIN) | 8636 |
| 700 1# - ENTRADA AGREGADA--NOMBRE PERSONAL | |
| Nombre de persona | Patxot y Ferrer, Fernando ( |
| Fechas asociadas al nombre | 1812-1859) |
| 9 (RLIN) | 158661 |
| 852 ## - LOCALIZACIÓN | |
| Ubicación | ES-MaACL |
| Número de control de estantería | E-13105-06 |
| Nota libre | - Enc. pasta española |
| Estatus retirado | Estado de pérdida | Estado de daño | No para préstamo | Colección | Biblioteca de origen | Biblioteca actual | Ubicación en estantería | Fecha de adquisición | Total de préstamos | Signatura topográfica completa | Código de barras | Visto por última vez | Precio de reemplazo | Tipo de ítem Koha |
|---|---|---|---|---|---|---|---|---|---|---|---|---|---|---|
| Libros del s. XIX | Biblioteca del Ateneo de Madrid | Biblioteca del Ateneo de Madrid | Depósito 2 | 17/01/2008 | E-13105-06 | 1171472 | 23/02/2023 | 23/02/2023 | Libro impreso antiguo |
